| 000 | 00936nam a2200265Ia 4500 | ||
|---|---|---|---|
| 003 | OSt | ||
| 005 | 20221005103934.0 | ||
| 006 | a|||||r|||| 00| 0 | ||
| 007 | ta | ||
| 008 | 221004b |||||||| |||| 00| 0 hin d | ||
| 020 |
_a9788190930253 (hbk) _c360 |
||
| 024 | _a3175 | ||
| 037 |
_b2007, 08/03/2013, Tej Prakashan _cTextual |
||
| 040 |
_aCRL _cCRL _bhin |
||
| 041 |
_2hin _ahin |
||
| 082 | _aO152,2(V2:51.N5)x, Q1 | ||
| 100 | _aरस्तोगी, आलोक कुमार | ||
| 245 | 0 | _aक्रांति समिधा | |
| 246 | _aKrāanti samidhā | ||
| 260 |
_aदिल्ली _bगौरव बुक्स भारत _c2011 |
||
| 300 |
_a128पृ0 _ccm. |
||
| 650 | _aहिन्दी साहित्य | ||
| 942 |
_hO152,2(V2:51.N5)x, Q1 _cTEXL _2cc |
||
| 999 |
_c1011339 _d1011339 |
||